Выбор систем разработки для месторождений с неравномерным оруденением/ (Record no. 384886)
[ view plain ]
| 000 -LEADER | |
|---|---|
| fixed length control field | 00989nam a22002177a 4500 |
| 003 - CONTROL NUMBER IDENTIFIER | |
| control field | AM-YeHGA |
| 005 - DATE AND TIME OF LATEST TRANSACTION | |
| control field | 20250617153131.0 |
| 008 - FIXED-LENGTH DATA ELEMENTS--GENERAL INFORMATION | |
| fixed length control field | 170626b xxu||||| |||| 00| 0 rus d |
| 040 ## - CATALOGING SOURCE | |
| Original cataloging agency | AM-YeHGA |
| 041 0# - LANGUAGE CODE | |
| Language code of text/sound track or separate title | rus |
| 090 ## - LOCALLY ASSIGNED LC-TYPE CALL NUMBER (OCLC); LOCAL CALL NUMBER (RLIN) | |
| -- | 386857 |
| 245 00 - TITLE STATEMENT | |
| Title | Выбор систем разработки для месторождений с неравномерным оруденением/ |
| Statement of responsibility, etc. | М.А. Яковлев, Н.А. Жуков, Н.В. Дронов, Г.Т. Булгаков; АН КиргССР. Ин-т физики и механики горных пород |
| 260 ## - PUBLICATION, DISTRIBUTION, ETC. | |
| Place of publication, distribution, etc. | Фрунзе: |
| Name of publisher, distributor, etc. | Илим |
| Date of publication, distribution, etc. | 1978 |
| 300 ## - PHYSICAL DESCRIPTION | |
| Extent | 115 с. |
| Other physical details | ил. |
| 653 0# - INDEX TERM--UNCONTROLLED | |
| Uncontrolled term | Геофизика - Киргизия |
| 700 1# - ADDED ENTRY--PERSONAL NAME | |
| Personal name | Яковлев, Михаил Александрович |
| 700 1# - ADDED ENTRY--PERSONAL NAME | |
| Personal name | Жуков, Николай Александрорвич |
| 700 1# - ADDED ENTRY--PERSONAL NAME | |
| Personal name | Аронов, Николай Васильевич |
| 700 1# - ADDED ENTRY--PERSONAL NAME | |
| Personal name | Булгаков, Геннадий Трофимович |
| 942 ## - ADDED ENTRY ELEMENTS (KOHA) | |
| Source of classification or shelving scheme | Universal Decimal Classification |
| Koha item type | Գրքեր / Books |
| Withdrawn status | Lost status | Source of classification or shelving scheme | Damaged status | Not for loan | Collection | Home library | Current library | Date acquired | Total checkouts | Full call number | Barcode | Date last seen | Price effective from | Koha item type | Public note |
|---|---|---|---|---|---|---|---|---|---|---|---|---|---|---|---|
| Universal Decimal Classification | General | Fundamental Scientific Library | Fundamental Scientific Library | 26/06/2017 | PII/433460 | FL0450468 | 26/06/2017 | 26/06/2017 | Գրքեր / Books | 30 Days Loan |
ՀՀ Գիտությունների ազգային ակադեմիայի հիմնարար գիտական գրադարան = Fundamental Scientific Library of NAS RA
All site content, except where otherwise noted, is licensed under a